| 000 | 01345nas a2200265 454500 | ||
|---|---|---|---|
| 001 | 43676 | ||
| 005 | 20260407193511.0 | ||
| 008 | 260407s1969####ag###########|||spa#d | ||
| 003 | AR-UNSa-BCEJYS | ||
| 040 |
_aAR-UNSa-BCEJYS _bspa _cAR-UNSa-BCEJYS |
||
| 080 |
_a330 _xEconomía en general |
||
| 245 | 1 | 0 | _aJournal of economic literature |
| 022 | _a0022-0515 | ||
| 264 | 1 |
_aNashville : _bAmerican Economic Association _c1969 |
|
| 310 | _aFrecuencia: Cuatrimestral | ||
| 520 | _aEl Journal of Economic Literature es una revista académica revisada por pares, publicada por la American Economic Association, que examina la literatura académica en economía. Fue establecido en 1963 como el diario de los extractos económicos, y es actualmente una de las revistas clasificadas más altas en la economía. [3] Como una revista de revisión, que principalmente presenta ensayos y revisiones de las teorías económicas recientes (en contraposición a las últimas investigaciones). El redactor jefe es Steven Durlauf | ||
| 041 | _aspa | ||
| 942 | _cSER | ||
| 590 | _aniveau_biblio:s niveau_hierar:1 | ||
| 100 | 1 | _aAmerican Economic Association | |
| 650 | _aInvestigación económica | ||
| 650 | _aECONOMIA | ||
| 650 | _aECONOMIA POLITICA | ||
| 856 | 4 | 1 |
_uhttps://biblioeco.unsa.edu.ar/pmb/images/revistas/R21347.jpg _yImagen de portada _qimage/jpeg |
| 999 |
_c8906 _d8906 |
||